000 00588nam a2200217Ia 4500
005 20241129111426.0
008 241129s9999||||xx |||||||||||||| ||und||
020 _a978-93-90887-06-4
037 _aTB
040 _aCRL
_beng
_cCRL
041 _aurd
_2urd
084 _aO168,3N76,NK R1
_qCRL
100 _aNatiq Ali Akbar Au.
245 0 _aNaulakhi kothi
_cNatiq Ali Akbar Au.
260 _aLucknow, India
_bMatterlink
_c2021
300 _a511p.
365 _aINR
_b800
650 _aUrdu Fiction
_93298
942 _cTB
_hO168,3N76,NK R1
999 _c1230414
_d1230414